| 000 | 00000nam##2200000za#4500 |
| 001 | 9.680726 |
| 003 | CaOODSP |
| 005 | 20200330064710 |
| 007 | ta |
| 008 | 150407|1999||||xxc||||| f|0| 0 fre|d |
| 020 | |a0-662-83598-0 |
| 040 | |aCaOODSP|bfre |
| 043 | |an-cn--- |
| 086 | 1 |aSN3-61/1994-2F |
| 110 | 1 |aCanada.|bBibliothèque nationale du Canada. |
| 245 | 10|aClasse FC: une classification de l'histoire du Canada |
| 250 | |aDeuxième édition. |
| 260 | |aOttawa - Ontario : |bBibliothèque nationale du Canada |c1999. |
| 300 | |a[7]p. ; |c26 cm. |
| 500 | |aDonnées de catalogage avant publication (Canada) imprimées dans cette publication. Ajouts et modifications, n° 2. |
| 563 | |aCouverture souple |
| 590 | |a99-22|b1999-06-04 |
| 691 | 07|aClassification|2gcpds |
| 691 | 07|aHistoire du Canada|2gcpds |
| 775 | 08|tClass FC: a classification for Canadian history |w(CaOODSP)9.647302 |
| 776 | 0#|tClasse FC : |w(CaOODSP)9.640075 |